000 00501cam a2200205ua 4500
001 5491
008 121102n ii |||gr||||Z||||||eng
020 _a978-81-7273-431-2
040 _cMAIN
082 _a330.954
100 1 _aArora, Charu,
_eAuthor.
245 1 1 _aIndian economy and reforms
_cby Charu Arora
250 _a1st.
260 _aDelhi:
_bAuthors press,
_c2008.
300 _axvi, 219p.
653 _aEconomics
653 _aIndian economy
653 _aEconomic reforms
942 _cBK
999 _c4670
_d4670